| 000 | 00991nam a22003015a 4500 | ||
|---|---|---|---|
| 006 | a||||fr|||| 00| 0 | ||
| 008 | 110706s2004 maua|||frb||| 000 0 eng d | ||
| 010 | _a2002044483 | ||
| 020 | _a007121481X | ||
| 020 | _a9780071214810 | ||
| 040 |
_aEG-ScBUE _beng _cEG-ScBUE |
||
| 082 | 0 | 4 |
_a658.87 _bLEV _222 |
| 100 | 1 |
_aLevy, Michael. _926206 |
|
| 245 | 1 | 0 |
_aRetailing Management / _cMichael Levy, Barton A. Weitz. |
| 250 | _a5th ed. | ||
| 260 |
_aBoston : _bMcGraw-Hill Irwin, _cc2004. |
||
| 300 |
_axxxv, 775 p. ; _bcol. ill., ; _c26 cm. : _e1 CD-ROM (4 3/4 in.) |
||
| 490 | 0 | _aThe McGraw-Hill/Irwin series in marketing | |
| 500 | _aindexes:p.751-775 . | ||
| 500 | _aGlossary :p.700-724 . | ||
| 504 | _aIncludes bibliographical references and indexes. | ||
| 590 | _amenna elemam | ||
| 650 | 0 |
_aRetail trade _xManagement. _926207 _2BUEsh |
|
| 651 | _2BUEsh | ||
| 653 |
_bBUSADM _cAugust2015 |
||
| 700 | 1 |
_aWeitz, Barton A. _926208 |
|
| 942 |
_cBB _k658.87 LEV _2ddc |
||
| 999 |
_c1121 _d1121 |
||